Определение нейтронно-физических параметров реактора ВВЭР 1000; Научная инициатива иностранных студентов и аспирантов российских вузов

Bibliographische Detailangaben
Parent link:Научная инициатива иностранных студентов и аспирантов российских вузов.— 2020.— [С. 61-67]
1. Verfasser: Баршонь Саболч
Körperschaft: Национальный исследовательский Томский политехнический университет Инженерная школа ядерных технологий Отделение ядерно-топливного цикла
Weitere Verfasser: Нестеров В. Н. Владимир Николаевич (научный руководитель), Кузнецов М. С. Михаил Сергеевич
Zusammenfassung:Заглавие с экрана
Sprache:Russisch
Veröffentlicht: 2020
Schriftenreihe:Актуальные проблемы естественных наук
Schlagworte:
Online-Zugang:http://earchive.tpu.ru/handle/11683/63728
Format: MixedMaterials Elektronisch Buchkapitel
KOHA link:https://koha.lib.tpu.ru/cgi-bin/koha/opac-detail.pl?biblionumber=632125

MARC

LEADER 00000naa2a2200000 4500
001 632125
005 20231101133709.0
035 |a (RuTPU)RU\TPU\conf\33826 
035 |a RU\TPU\conf\33824 
090 |a 632125 
100 |a 20201014d2020 k y0rusy50 ca 
101 0 |a rus 
102 |a RU 
105 |a y z 101zy 
135 |a drcn ---uucaa 
181 0 |a i  
182 0 |a b 
200 1 |a Определение нейтронно-физических параметров реактора ВВЭР 1000  |f Баршонь Саболч  |g науч. рук. В. Н. Нестеров, М. С. Кузнецов 
203 |a Текст  |c электронный 
225 1 |a Актуальные проблемы естественных наук 
230 |a 1 компьютерный файл (pdf; 340 Kb) 
300 |a Заглавие с экрана 
320 |a [Библиогр.: с. 66-67 (2 назв.)] 
463 0 |0 (RuTPU)RU\TPU\conf\33820  |t Научная инициатива иностранных студентов и аспирантов российских вузов  |o сборник докладов X Всероссийской научно-практической конференции, Томск, 22-24 апреля 2020 г.  |f Национальный исследовательский Томский политехнический университет (ТПУ)  |v [С. 61-67]  |d 2020 
610 1 |a электронный ресурс 
610 1 |a труды учёных ТПУ 
610 1 |a нейтронно-физические параметры 
610 1 |a реакторы 
610 1 |a ВВЭР-1000 
610 1 |a плотность потока 
610 1 |a нейтроны 
610 1 |a реактивность 
610 1 |a водо-водяные реакторы 
700 0 |a Баршонь Саболч 
702 1 |a Нестеров  |b В. Н.  |c специалист в области атомной энергетики  |c доцент Томского политехнического университета, кандидат технических наук  |f 1977-  |g Владимир Николаевич  |2 stltpush  |4 727 
702 1 |a Кузнецов  |b М. С.  |c физик  |c старший преподаватель Томского политехнического университет  |f 1984-  |g Михаил Сергеевич  |2 stltpush  |4 727 
712 0 2 |a Национальный исследовательский Томский политехнический университет  |b Инженерная школа ядерных технологий  |b Отделение ядерно-топливного цикла  |h 7864  |2 stltpush  |3 (RuTPU)RU\TPU\col\23554 
801 2 |a RU  |b 63413507  |c 20201125  |g RCR 
856 4 |u http://earchive.tpu.ru/handle/11683/63728 
942 |c BK